00473nam a2200145Ia 4500008004100000082001600041100002000057245003900077250000800116300000800124650001300132942001500145952015200160999001500312150301s2015 xx 000 0 und d a615.4bC13K aALICE KURUNILLA aCLINICAL TRIALS : A REGINNES GUIDE aIST a280 aPHARMACY 2ddccBK01 00102ddc40708FPaAPLbAPLcREFd2015-07-02eABC DELHIg280.00iSGTUl1o615.4 C13KpFP139r2025-02-19 00:00:00s2025-02-19w2014-11-24yBKk492 c7064d7064